Catálogo
 En Linea

Las aventuras del bachiller trapaza. (Registro nro. 43122)

Detalles MARC
000 -CABECERA
campo de control de longitud fija 00319nam a2200109 a 4500
005 - FECHA Y HORA DE LA ÚLTIMA TRANSACCIÓN
campo de control 20201002044906.0
008 - DATOS DE LONGITUD FIJA--INFORMACIÓN GENERAL
campo de control de longitud fija 140401s1970 000 spa d
040 ## - FUENTE DE LA CATALOGACIÓN
Centro catalogador/agencia de origen DO-SdBNP
100 ## - ENTRADA PRINCIPAL--NOMBRE DE PERSONA
Nombre de persona Castillo Solórzano, Alonso del
9 (RLIN) 71467
245 #4 - MENCIÓN DE TÍTULO
Título Las aventuras del bachiller trapaza.
260 ## - PUBLICACIÓN, DISTRIBUCIÓN, ETC.
Lugar de publicación, distribución, etc. Madrid -- Libra,
Fecha de publicación, distribución, etc. 1970 -- 201 p.

No hay ítems disponibles.

Con tecnología Koha